000 00304 a2200145 4500
001 156038
040 _cEscola São Tomás de Aquino
100 _aHIRATSUKA, Lúcia
240 1 0 _aA venda
_lpor
245 1 0 _aA venda
300 _a22
362 0 _a2014
697 _a*LITERATURA INFANTIL
942 _cBK
999 _c156038
_d156038